000 00419nam a22001457a 4500
005 20250531171417.0
008 250531b |||||||| |||| 00| 0 eng d
020 _a9781852400248
050 _aBV4501
_b.3 CON
100 _aCONNER, KEVIN J.
245 _aTHE FOUNDATIONS OF CHRISTIAN DOCTRINE;
_bA PRACTICAL GUIDE TO CHRISTIAN BELIEF
260 _aAUSTRALIA
_bBT PUBLISHING
_cc1980
300 _a308p
942 _2lcc
_cBK
_n0
999 _c6111
_d6111